Filozófiai szótár.

Elmentve itt :
Bibliográfiai részletek
Szerző: Enyvvári Jenő
Adatforrás:Philobibl
Dokumentumtípus: Könyv
Nyelv:magyar
Megjelent: Bp. Franklin. 1917
LEADER 00318nam a2200121 c 4500
001 bibDOK00028874
005 20200924122409.6
008 060518s1917 hu hun
100 1 |a Enyvvári Jenő 
245 1 0 |a Filozófiai szótár.  |c Enyvvári Jenő 
260 |a Bp.  |b Franklin.  |c 1917 
300 |a 173 p. p. 
500 |a 2. kiadás 1923.